| 000 | 00776cam a2200229 a 4500 | ||
|---|---|---|---|
| 999 |
_c396 _d396 |
||
| 020 | _a9780131713086 (alk. paper) | ||
| 020 | _a0131713086 (alk. paper) | ||
| 050 | 0 | 4 |
_aRT41 _b.M47 |
| 100 | _aLeMone,Priscilla | ||
| 110 | _aBurke, Karen | ||
| 245 | 0 | 0 |
_aMedical-surgical nursing : _bcritical thinking in client care / _c[edited by] Priscilla LeMone, Karen Burke. |
| 250 | _a4th ed. | ||
| 260 |
_aUpper Saddle River, N.J. : _bPearson/Prentice Hall, _cc2008 [i.e. 2007]. |
||
| 300 |
_a1 v. (various pagings) : _bill. (some col.), col. map ; _c29 cm. + _e1 DVD-ROM (4 3/4 in.). |
||
| 500 | _aIncludes tables. | ||
| 650 | 0 | _aNursing. | |
| 650 | 0 | _aSurgical nursing. | |
| 650 | 0 | _aCritical thinking. | |
| 700 | 1 | _aLeMone, Priscilla. | |
| 700 | 1 | _aBurke, Karen M. | |
| 942 | _cBK | ||